Ganges water machine : designing new India's ancient river (Record no. 7974)

000 -LEADER
fixed length control field 00406nam a22001457a 4500
003 - CONTROL NUMBER IDENTIFIER
control field OSt
005 - DATE AND TIME OF LATEST TRANSACTION
control field 20200611132332.0
008 - FIXED-LENGTH DATA ELEMENTS--GENERAL INFORMATION
fixed length control field 200611b ||||| |||| 00| 0 eng d
020 ## - INTERNATIONAL STANDARD BOOK NUMBER
International Standard Book Number 9780982622612
082 ## - DEWEY DECIMAL CLASSIFICATION NUMBER
Classification number 333.911
Item number ACC
100 ## - MAIN ENTRY--PERSONAL NAME
Personal name Acciavatti, Anthony
245 ## - TITLE STATEMENT
Title Ganges water machine : designing new India's ancient river
260 ## - PUBLICATION, DISTRIBUTION, ETC. (IMPRINT)
Place of publication, distribution, etc 2015
Name of publisher, distributor, etc Applied Research & Design
Date of publication, distribution, etc March 15, 2015
942 ## - ADDED ENTRY ELEMENTS (KOHA)
Source of classification or shelving scheme
Holdings
Withdrawn status Lost status Source of classification or shelving scheme Damaged status Koha normalized classification for sorting Not for loan Permanent location Current location Date acquired Full call number Barcode Date last seen Price effective from Koha item type
        333_911000000000000_ACC   BMS College of Architecture, Design and Planning BMS College of Architecture, Design and Planning 2020-06-11 333.911 ACC AR-UG1644 2020-06-11 2020-06-11 UG Books
Copyright © 2025, The Librarian, Library and Information Centre, BMSCA D&P, Bengaluru. All Rights Reserved
web counter

Powered by Koha